Puño y letra: movimiento social y comunicación gráfica en Chile
Guardat en:
| Autor principal: | |
|---|---|
| Format: | Llibre |
| Idioma: | espanyol |
| Publicat: |
Santiago
Ocho Libros
2006
|
| Edició: | 2a. ed |
| Matèries: | |
| Etiquetes: |
Afegir etiqueta
Sense etiquetes, Sigues el primer a etiquetar aquest registre!
|
MARC
| LEADER | 00000cam a2200000 a 4500 | ||
|---|---|---|---|
| 001 | UCI3010 | ||
| 003 | CL-VaPUC | ||
| 008 | 071005e20060000CL |||||||||||||||||spa|d | ||
| 020 | |a 9568018239 | ||
| 082 | 0 | 4 | |a 741.674 |b CAS |2 21 |
| 100 | 0 | |a Castillo Espinoza, Eduardo |e author |9 524293 | |
| 245 | 1 | 0 | |a Puño y letra: movimiento social y comunicación gráfica en Chile |
| 250 | |a 2a. ed | ||
| 300 | |a 191 p | ||
| 942 | |c BK | ||
| 945 | |d 20071005 00:00:00 |a cmena | ||
| 260 | |a Santiago |b Ocho Libros |c 2006 | ||
| 650 | 7 | |a CARTELES |2 CL-VaPUC |9 327830 | |
| 650 | 0 | |a Material visual |9 327831 | |
| 650 | 0 | |a Diseño gráfico |9 266874 | |
| 650 | 0 | |a Propaganda política |9 435732 | |
| 650 | 0 | |a Movimientos sociales |9 315241 | |
| 650 | 0 | |a Antropología cultural y social |9 265143 | |
| 650 | 0 | |a Problemas sociales |9 258537 | |
| 583 | |a last modification |c 20140519 12:40:13 |k Rodrigo Vera | ||
| 999 | |c 327407 |d 327405 | ||
| 952 | |0 0 |1 0 |4 0 |6 741_674000000000000_CAS_2006 |7 0 |8 R |9 410207 |a BIBART |b BIBART |d 2019-11-22 |i 434345K |l 2 |o 741.674 CAS 2006 |p 434345K |r 2025-03-13 |s 2022-08-22 |w 2019-11-22 |y BK_R |k ART | ||
| 952 | |0 0 |1 0 |3 erb |4 0 |6 741_674000000000000_CAS_2006 |7 0 |8 R |9 410208 |a BIBART |b BIBART |i 5075300 |l 2 |o 741.674 CAS 2006 |p 5075300 |r 2025-03-13 |s 2022-09-12 |w 2019-11-22 |y BK_R |z Catalogado en:20140526 |k ART | ||